000 01462nam a2200325 a 4500
001 ebr10699906
003 CaPaEBR
006 m o u
007 cr cn|||||||||
008 150303s2011 miu sb 001 0 eng d
020 _z9780472034598
020 _z9780472029853 (e-book)
040 _aCaPaEBR
_cCaPaEBR
035 _a(OCoLC)843880810
050 1 4 _aPE1128.A2
_b.B735 2011eb
082 0 4 _a428.0071
_222
100 1 _aBrown, Steven,
_d1952-
245 1 0 _aListening myths
_h[electronic resource] :
_bapplying second language research to classroom teaching /
_cSteven Brown.
260 _aAnn Arbor, Mich. :
_bUniversity of Michigan Press,
_cc2011.
300 _a1 online resource (xii, 195 p.)
504 _aIncludes bibliographical references and indexes.
533 _aElectronic reproduction.
_bPalo Alto, Calif. :
_cebrary,
_d2015.
_nAvailable via World Wide Web.
_nAccess may be limited to ebrary affiliated libraries.
588 _aDescription based on online resource; title from title page (ebrary, viewed May 28, 2013).
650 0 _aEnglish language
_xStudy and teaching
_xForeign speakers
_xEvaluation.
650 0 _aSecond language acquisition
_xResearch
_xMethodology.
650 0 _aEnglish teachers
_xTraining of
_xSocial aspects.
655 7 _aElectronic books.
_2local
710 2 _aebrary, Inc.
856 4 0 _uhttp://site.ebrary.com/lib/rucke/Doc?id=10699906
_zAn electronic book accessible through the World Wide Web; click to view
999 _c6610
_d6610